Statistics for World Capitals: "-town" or "-city"

Click here to take the quiz!

General Stats

  • This quiz has been taken 1,430 times
  • The average score is 7 of 10

Answer Stats

-town% Correct
Mexico City
88%
Guatemala City
81%
Panama City
80%
Georgetown
76%
Kuwait City
65%
Cape Town
63%
Kingstown
62%
Freetown
59%
Bridgetown
56%
Vatican City
56%

Score Distribution

Percentile by Number Answered

Percent of People with Each Score

Your Score History

You have not taken this quiz